[Event "Turnier 40 / 120"]
[Site "DESKTOP-NL3KVDB"]
[Date "2023.05.03"]
[Round "22"]
[White "Mephisto Phönix TM Vancouver - 36 MHZ"]
[Black "Millenium Chess Genius Pro - 120 MHZ"]
[Result "0-1"]
[BlackElo "2284"]
[WhiteElo "2287"]

{Analyse -----> Komodo 14.1.} 1. e4 e6 2. Nc3 d5 3. d4 Nf6 4. e5 Nfd7 5. f4
c5 6. Nf3 {Buchende} Be7 {Buchende} 7. Bb5 {Buchbewertung TM Vancouver:
-0,21} Nc6 {Buchbewertung MCGP: +0,35 / lt. Komodo ist die Stellung etwa
gleich} 8. O-O a6 9. Bxc6 bxc6 10. Be3 Bb7 {klar schwächer als cxd4} 11.
dxc5 Nxc5 12. Ne1? {deutlich schwächer als Sd4, Komodo -0,80} O-O 13. Qg4
Qa5 {zu bevorzugen ist Sd7, Komodo +0,60} 14. a3 Ne4 15. Nxe4 dxe4 16. Qg3
Rfe8 17. Rf2 {nicht ideal, besser ist c4, Komodo -1,00} Qb5 18. b3 Rad8 19.
f5??? {ein Verlustzug, danach ist die Partie bereits klar verloren, Komodo
-1,70, deutlich besser ist Tb1 mit ca. -0,70} exf5 20. Rxf5 Bc5? {ein
schlechter Zug, der den Vorteil von Schwarz etwa halbiert, Komodo +0,90,
deutlich stärker ist Lc8} 21. c4 Qb6 22. Bxc5?? {ein absoluter Verlustzug,
danach ist praktisch alles vorbei, Komodo -2,00, nötig war Sc2} Qxc5+ 23.
Kh1 g6 24. h3 Kf8 25. Rg5? {ein ganz schlechter Zug, der eine weitere
Bauerneinheit einbüsst, deutlich mehr Widerstand leistet noch b4, Komodo
-2,70} h6 26. Rg4 Qxe5 27. Ra2 e3 28. Qxe5 Rxe5 29. Re2 Rd2 30. Nf3 Rxe2
31. Nxe5 Rd2 32. c5 e2 33. Nf3 Rd1+ 34. Kh2 e1=Q 35. Nxe1 Rxe1 {Verliert
eine ganze Figur und damit die Partie, Userentscheid: 0-1} 0-1
[/pgn]
[pgn]

[Event "Computer Schach Partie"]
[Site "DESKTOP-NL3KVDB"]
[Date "2023.05.04"]
[Round "23"]
[White "Millenium Chess Genius Pro - 120 MHZ"]
[Black "Mephisto Phönix TM Vancouver - 36 MHZ"]
[Result "1-0"]
[BlackElo "2287"]
[WhiteElo "2284"]

{Analyse -----> Komodo 14.1.} 1. d4 d5 2. Bf4 Nf6 3. e3 g6 {Buchende} 4.
Nd2 {Buchende} Bg7 {Buchbewertung TM Vancouver: -0,21} 5. Bb5+
{Buchbewertung MCGP: +0,42 / lt. Komodo ist die Stellung etwa gleich} c6 6.
Be2 O-O 7. Ngf3 c5 8. c4 Nc6 9. dxc5 Nh5 10. Qb3 Nxf4 11. exf4 d4 12. Bd3
{nicht optimal deutlich besser ist 0-0, Komodo -1,00} Qa5 {ein schwacher
Zug, der den Vorteil von Schwarz halbiert, Komodo +0,50, deutlich besser
ist Dc7} 13. Qb5?? {ein ganz schlechter Zug, danach steht Schwarz bereits
klar besser, Komodo -1,40, nötig war 0-0} Qxb5?? {so allerdings nicht,
verschenkt auf einen Schlag den gesamten Vorteil, Komodo 0,00, nötig war
Dc7} 14. cxb5 Nb4 15. Bb1? {ein schwacher Zug, danach ist Schwarz wieder im
Vorteil, Komodo -1,00, nötig war Ke2} d3! 16. Ne5 Rd8 {besser ist ist Lf5,
Komodo +0,70} 17. a3 Nd5? {ganz schwach, verspielt den gesamten Vorteil,
die Stellung ist wieder im Lot, nötig war Sc2+} 18. g3 Bf5 19. O-O Rac8 20.
Rc1 Nf6? {ein ganz schlechter Zug, der eine ganze Bauerneinheit einstellt,
danach steht Weiss bereits besser, Komodo -0,80} 21. Ba2 e6 22. c6 Rc7 23.
cxb7? {ein schwacher Zug, danach ist die Stellung wieder im Lot, nötig war
Tc4} Rxb7 24. Bc4 Ne4 25. Rd1 Nd6? {ein schwacher Zug, danach ist Weiss
wieder im Vorteil, Komodo -1,00, nötig war Lxe5 oder Tc7} 26. a4 Nxc4
{besser ist Tc7, Komodo -1,20} 27. Ndxc4 Rc7 28. Nc6 Rdd7 29. Rd2 {nicht
optimal, deutlich besser ist Ta3, Komodo +0,70} Be4 30. N4e5 Bxe5 31. Nxe5
Rd4 32. f3 Bd5??? {ein absoluter Verlustzug, danach ist alles vorbei,
Komodo -3,00, nötig war f6 mit ca. -0,80, hier beende ich die weitere
Kommentierung das kann man sich schenken, ein Selbstläufer ab diesem
Zeitpunkt, nach diesem Zug ist einfach alles aus, es sei denn MCGP vergurkt
es noch irgendwie aber in dieser jetzt schon logischen Fortsetzung ist das
praktisch ausgeschlossen.} 33. Rxd3 Rxd3 34. Nxd3 Bxf3 35. Rc1 Rxc1+ 36.
Nxc1 f6 37. a5 Kf7 38. b6 axb6 39. axb6 Ke7 40. b4 Kd7 41. Nb3 Bb7 42. Nc5+
Kc6 43. Nxe6 h6??? {ein Katastrophenzug, der den Untergang extrem
beschleunigt, Komodo -12,00, nötig war Kxb6, verliert aber natürlich auch
mit ca. -2,50, trotzdem stellt der Textzug ganze 10 Bauerneinheiten !! ein}
44. f5 g5 45. Ng7 Kxb6 46. Ne8 Be4 47. g4 Bd5 48. Nxf6 Bb3 49. Kf2 Kb5 50.
Ke3 1-0
[/pgn]
[pgn]

[Event "Turnier 40 / 120"]
[Site "DESKTOP-NL3KVDB"]
[Date "2023.05.04"]
[Round "24"]
[White "Mephisto Phönix TM Vancouver - 36 MHZ"]
[Black "Millenium Chess Genius Pro - 120 MHZ"]
[Result "1/2-1/2"]
[BlackElo "2284"]
[WhiteElo "2287"]

{Analyse ----> Komodo 14.1.} 1. d4 e6 2. c4 Nf6 3. g3 c5 {Buchende} 4. dxc5
Bxc5 {Buchbewertung MCGP: +0,37} 5. Bg2 Nc6 6. Nf3 Qa5+ 7. Bd2 Qb6 8. e3
Qxb2? {Vorsicht Eröffnungsfalle und MCGP tappt hinein, der Bauer darf auf
keinen Fall genommen werden danach ist Weiss bereits klar im Vorteil,
Komodo -1,30, merkwürdig TM Vancouver hat das noch im Buch unter der
Annahme dass Schwarz hier hineintappt !} 9. Nc3 Bb6 10. a3 Ba5 11. Na4
Bxd2+ 12. Ke2 {Buchende} Qxa1 13. Qxa1 {Buchbewertung TM Vancouver: +0,03
sieht hier keinen Vorteil, lt. Komodo steht Weiss klar besser mit ca.
+1,50, obwohl für einen Oldie ist das natürlich kaum zu sehen, die
Materialbilanz ist ja mit der Dame gegen Turm+Läufer+Bauer ausgeglichen,
trotz der Bewertung von Komodo ist der Weg zu einem Sieg noch sehr weit für
Weiss} Ba5 14. Nc3 {klar schwächer als g4, Komodo +1,00} O-O 15. Rd1 Rd8
16. Nb5 d5 17. cxd5 exd5 18. Kf1 Bg4 19. h3 Bh5 20. Nbd4 Nxd4 21. Qxd4 Bb6
22. Qb4 {vorzuziehen ist Db2} Rac8 23. Qb2 Bg6 24. Rc1 Be4 25. Kg1 h6 26.
Rc3 Bc5 27. Qb5 b6 28. Qa6 {nicht optimal, deutlich besser ist Sd4, Komodo
+0,40} Rc7 {klar schwächer als Lxf3, Komodo -0,90} 29. Nd4 Ne8? {ein
schlechter Zug, danach ist Weiss bereits klar im Vorteil, Komodo -1,50,
deutlich besser ist Lg6} 30. Qa4 {besser ist Lxe4, Komodo +1,00} Nd6 31.
Rc1 Re8 {besser ist Lxg2, Komodo -1,50} 32. Rd1?? {ein ganz schlechter Zug,
der den Grossteil des Vorteiles verspielt, Komodo +0,50, nötig war Se2}
Bxg2? {ein schlechter Zug, danach ist Weiss wieder klar im Vorteil, Komodo
-1,30, nötig war Lxd4} 33. Kxg2 Re4 34. Qc2 Rc8 35. Qe2 Bxd4 36. Rxd4 Rxd4?
{besser ist Tc5, nach dem Textzug steht Schwarz bereits auf Verlust, Komodo
-2,00} 37. exd4 Ne4 38. Qb5 {besser ist h4, Komodo +1,50} Nf6 39. Qb4 Rc4
40. Qe7 Ra4 41. Kf3 {es ist ein sehr schwieriges Endspiel für Oldies mit
der Dame auf dem offenen Brett natürlich überaus rechenintensiv und die
nötige Rechentiefe für einen möglichen Gewinn ist hier einfach
unerrreichbar, TM Vancouver sieht keinerlei Vorteil und bewertet die
Stellung mit 0,00 (die Materialbilanz mit Dame gegen Turm+Springer+Bauer
ist ja immer noch ausgeglichen), Komodo +1,40, hier beende ich vorläufig
die weitere Kommentierung, bei diesem Endspieltyp ist aus verständlichen
Gründen klar, dass die optimalen Züge nur selten gemacht werden und ich
muss sagen ausser für eine Top-Engine ist hier wirklich nicht leicht ein
Vorteil zu sehen, alle schwarzen Figuren scheinen sicher gedeckt, wo gibt
es da Angriffspunkte ? eine schwierige Aufgabe !} Kh7 {MCGP: -0,59} 42. Kg2
{TM Vancouver offeriert mittels Stellungswiederholung ein Remis, er sieht
tatsächlich nicht den geringsten Vorteil.} Kg8 {MCGP akzeptiert} 43. g4
{aber nun überlegt sich TM Vancouver doch nochmals das endgültige Remis,
aber auch diesen Zug bewertet er nur mit 0,00, Komodo +2,00} b5 44. Qc5?
{weit schwächer als f3, halbiert den Vorteil von Schwarz, Komodo +1,00} g5!
45. f4 gxf4 46. Kf3 Ne4 47. Qxb5 Rxa3+ 48. Kxf4 Nf6? {ein schwacher Zug,
danach ist die Partie praktisch schon verloren, Komodo -2,00, deutlich
besser ist Txh3 mit ca. -1,00} 49. h4 Ra1 50. g5 hxg5+ 51. hxg5 Nh5+ 52.
Ke3 Kh7 53. Qxd5 Kg6 54. Qd8??? {ein grottenschlechter Zug, danach ist
praktisch der gesamte Vorteil dahin, nötig war Kf2 mit klarem Vorteil} Rg1!
55. Qd7 {ein schlechter Zug, der den Vorteil von Weiss halbiert, Komodo
+1,00, deutlich stärker ist d5} a5 56. Qc6+ Kxg5 {lt. Komodo ist Weiss hier
noch mit +1,60 im Vorteil mit der Fortsetzung d5, lt. Stockfish 15 ist es
bereits Remis mit 0,00 !!} 57. Qd5+ Kg6 58. Qxa5 {nun ist auch lt. Komodo
Remis} f5 59. Qb6+ Nf6 60. Kf3 Re1 61. d5 Rd1 62. d6 {die Stellung ist
klares Remis hier ist nicht mehr zu sehen, wie es Weiss irgendwie gelingen
kann den Bauern über das doppelt überdeckte Feld d7 zu bringen und auch
Schwarz hat einen Freibauern, hier überlege ich es Remis zu geben, bin
jedoch aufgrund der Erfahrungen aus jüngster Vergangenheit vorsichtig, ein
bisschen schaue ich noch, aber es wird wohl Remis enden.} Nd7 63. Qc7 Nf6
64. Ke2 Rd5 65. Qe7 Rd4 66. Qd8 Rd5 67. Kf3 Rd3+ {naja, da geht nichts
mehr, der Turm hat ja auch das Feld d5, wo er gedeckt ist und praktisch
unangreifbar ist und Weiss hat nicht mal ein Schachgebot, also hier jetzt
doch Userentscheid: Remis} 1/2-1/2
[/pgn]
[pgn]

[Event "Turnier 40 / 120"]
[Site "DESKTOP-NL3KVDB"]
[Date "2023.05.05"]
[Round "25"]
[White "Millenium Chess Genius Pro - 120 MHZ"]
[Black "Mephisto Phönix TM Vancouver - 36 MHZ"]
[Result "1/2-1/2"]
[BlackElo "2287"]
[WhiteElo "2284"]

{Analyse -----> Komodo 14.1.} 1. e4 e5 2. Nf3 Nc6 3. Bb5 a6 4. Ba4 Nf6 5.
Qe2 Be7 {Buchende} 6. c3 d6 {Buchbewertung TM Vancouver: +0,06} 7. d4
{Buchende} b5 8. Bb3 {Buchbewertung MCGP: -0,06 / lt. Komodo ist die
Stellung etwa gleich} Bg4 9. dxe5 Nxe5 10. Nbd2 O-O 11. O-O c5 12. Qe3 Bh5
13. a4 Nfg4 14. Qf4 Nd3 15. Qg3 c4 16. Bc2 Nge5 17. Nxe5 Nxe5? {ein
schlechter Zug, danach steht Weiss klar besser, Komodo -0,80, nötig war
Sxc1 mit Ausgleich} 18. Nb1?? {ein grottenschlechter Zug, der die
Vorzeichen umkehrt, danach steht Schwarz plötzlich besser, Komodo -0,80,
deutlich Vorteil versprach f4} Bh4? {so aber nicht, das bringt keinerlei
Vorteil für Schwarz, die Stellung ist wieder im Lot, deutlich besser ist
Le2} 19. Qe3 Re8 20. f3? {ein schwacher Zug, klar zu bevorzugen ist axb5,
Komodo -0,80} Qb8? {ein völlig sinnloser Zug, danach ist die Stellung
wieder etwa gleich, nötig war f5} 21. axb5 axb5 22. Rxa8 Qxa8 23. Qb6 Be7
{nicht optimal, besser ist f5, Komodo -0,50} 24. Qxb5 Rb8 {nicht optimal,
vorzuziehen ist f6, Komodo -0,70} 25. Qd5 Qxd5 26. exd5 Bg6? {ein
schlechter Zug, deutlich besser ist Ld8 mit ca. -0,60, Komodo -1,00} 27.
Bxg6 hxg6 28. Na3 g5 29. f4?? {ein ganz schlechter Zug, der nahezu den
gesamten Vorteil verspielt, nötig war g3 mit klarem Vorteil für Weiss,
Komodo +0,20} gxf4 30. Bxf4 Rc8??? {ein unfassbar schlechter Zug, da muss
man wirklich mehrmals hinschauen um das zu glauben, warum nicht das
Selbstverständliche Txb2 ??? und Schwarz ist auf Remiskurs, nach dem
Textzug steht Schwarz bereits ganz schlecht, Komodo -1,00} 31. Bxe5 {besser
ist Te1, aber Weiss bleibt natürlich im Vorteil, Komodo +0,80} dxe5 32. Re1
{nicht optimal, deutlich besser ist Td1, Komodo +0,60} f6 33. Kf2? {ein
schlechter Zug, der praktisch den gesamten Vorteil verspielt, danach ist
die Stellung bereits im Lot, nötig war immer noch Td1} Kf7 {auch nicht
optimal, besser ist Lxa3 mit Ausgleich, Komodo -0,50} 34. Kf3 Bxa3 35. bxa3
Rc5 36. Ke4 Rb5 37. a4 Rb2 38. Rd1 {die Stellung ist im Lot, Komodo 0,00}
Rxg2??? {so allerdings nicht, ein Verlustzug, danach ist die Partie
praktisch schon verloren, Komodo -1,70, Stockfish 15 schätzt es bereits mit
-5,00 ein, nötig war Te2+ mit Ausgleich} 39. d6 Ke8 40. Kd5? {ein ganz
schlechter Zug, der den Vorteil von Weiss halbiert, Komodo +0,80, gewonnen
hätte hier bereits Ta1} Kd7 41. h4 g6??? {ein absoluter Katastrophenzug,
danach ist alles aus, Komodo -5,00, das Remis gesichert hätte e4 !} 42.
Kxc4??? {aber auch MCGP macht es nicht besser, wirft mit einem Schlag den
Sieg hin, danach ist die Partie sofort wieder Remis, Komodo 0,00, gewonnen
hätte Kc5} Rg4+??? {die beiden Geräte begreifen diese Stellung einfach
nicht, wieder wird das lebensnötig e4 ! ignoriert, danach wäre es Remis,
nach dem Textzug ist die Partie sofort wieder verloren, Komodo -5,00} 43.
Kd5 Rxa4 44. c4 Ra2 45. c5 {die beiden Geräte haben nicht die leiseste
Ahnung von dieser Stellung und bewerten das nur mit minimalem Vorteil für
Weiss mit ca. +0,70, in Wahrheit ist die Stellung längst verloren, Komodo
+7,00 für Weiss} Rc2 46. Rd3??? {Was soll man da noch sagen ausser:
Turmendspiele und unsere Oldies, ein Katastrophenzug, der einfach alles
verschenkt, danach ist die Partie Remis, sofort gewonnen hätte Ta1, Komodo
0,00} Rc1 47. Rd2 e4 48. Ra2 Rd1+ 49. Kxe4 Kc6 50. Rg2 Kxc5 51. Rxg6 Kxd6
52. Rxf6+ Ke7 {der letzte Randbauer ist nicht mehr verwertbar, es ist
Remis} 53. Rf4 Ke6 54. Rg4 Rh1 55. Kf3 Kf5 56. Rb4 Rh3+ 57. Kf2
{Userentscheid: Remis} 1/2-1/2
[/pgn]
[pgn]

[Event "Turnier 40 / 120"]
[Site "DESKTOP-NL3KVDB"]
[Date "2023.05.05"]
[Round "26"]
[White "Mephisto Phönix TM Vancouver - 36 MHZ"]
[Black "Millenium Chess Genius Pro - 120 MHZ"]
[Result "0-1"]
[BlackElo "2284"]
[WhiteElo "2287"]

{Analyse ------> Komodo 14.1.} 1. b3 Nf6 2. Bb2 d5 3. e3 {Buchende} g6 4.
c4 {Buchbewertung TM Vancouver: +0,15} Bg7 {Buchende} 5. cxd5 Qxd5
{Buchbewertung MCGP: -0,23 / lt. Komodo steht Weiss eine Nuance besser mit
ca. +0,30} 6. Nf3 Bg4 7. Nc3 Qa5 8. h3 Bf5 9. Bc4 O-O 10. O-O Nbd7 11. d4
Nb6 12. Bd3 c6 {ein ganz schlechter Zug, danach steht Weiss bereits klar
besser, Komodo +1,50, nötig war Lxd3} 13. e4 Be6 14. Qc1 Rad8 15. Ne2 Nc8
16. Ng3 Ne8 17. Qe3 Qb4 18. Rfc1 Nb6 19. Rc2 Nc7 20. Qf4 Nb5 21. Bxb5? {ein
ganz schlechter Zug, der den Vorteil von Weiss etwa halbiert, Komodo +0,60,
deutlich besser ist Se2} Qxb5 22. Rac1 Qa6 23. Bc3 Qa3 {besser ist f6,
Komodo -0,80} 24. Qd2 Qd6 25. Bb4 Qd7 26. Qg5 Nc8 27. Bc3 h6 28. Qa5 Kh7?
{ein ganz schlechter Zug, danach steht Weiss klar besser, Komodo -1,20,
deutlich besser ist f6} 29. d5! Bxc3 {besser ist cxd5, Komodo -1,50} 30.
Rxc3 b6 {immer noch war cxd5 angesagt, nach dem Textzug ist die Stellung
praktisch schon verloren, Komodo -2,00} 31. Qa6 cxd5 32. Rc7 Qd6? {jetzt
geht es steil bergab, deutlich besser ist noch De8, Komodo -3,00} 33.
R1c6??? {ein absoluter Katastrophenzug, der einfach ALLES verschenkt,
danach ist die Partie bereits Remis, Komodo 0,00, gewonnen hätte e5} Qf4
34. exd5? {und nun kommt Schwarz bereits in Vorteil, Komodo -0,50, hier
hätte immer noch e5 zum sicheren Remis geführt} Rxd5 35. Rxc8? {der nächste
Fehlgriff, deutlich besser ist De2, Komodo -0,80} Rxc8 36. Rxe6 Rc1+ 37.
Re1 Rxe1+ 38. Nxe1 Rd1 39. Kf1 Kg7 40. Qb7 e6 41. Qe4 Qxe4 42. Nxe4 Rb1 43.
Nc3 Rb2 44. g3 a6 45. Nd3 {besser ist Kg2, Komodo -0,90} Rc2 46. Na4 b5 47.
Nab2??? {ein absoluter Verlustzug, danach hängt einfach alles bei Weiss,
damit ist die Partie verloren, deutlich mehr Widerstand leistet Sac5 mit
ca. -0,70, Komodo -2,00} e5 48. Nd1? {nochmals klar schwächer als f3,
Komodo -3,00} Rxa2? {ein schlechter Zug, der den Vorteil von Schwarz fast
halbiert, Komodo +1,50, nötig war Td2} 49. Ne3?? {ein absurder Zug, der
alle Chancen von Weiss begräbt, warum um Gottes willen nicht Sxe5 ?, Komodo
-2,20} f6? {klar schwächer als a5, aber ausreichend Schwarz steht auf
Gewinn, Komodo +1,60} 50. b4 h5 51. h4 Kf7 52. Ke1 e4 53. Nf4? {ein
schlechter Zug, deutlich besser ist Sc5, Komodo -2,00} a5? {deutlich
schwächer als g5, Komodo +1,30} 54. Ned5??? {also dieser Zug darf doch
einfach nicht wahr sein, was für ein MEGABOCK, danach kann man sofort den
Stecker ziehen, einfach indiskutabel, Komodo -6,00, a4 und alles ist aus,
warum um Gottes willen nicht bxa5 ???, UNFASSBAR !!!} f5??? {aber ebenso
unfassbar ist die Antwort von MCGP, der ebenfalls den Gewinn durch den
A-Bauern nicht sieht, obwohl dieser ja auf a4 schon weit vorgerückt wäre,
der Textzug verschenkt ca. 4,50 Bauerneinheiten, Komodo +1,60, dennoch
steht Schwarz noch auf Gewinn} 55. bxa5 Rxa5 56. Nb4?? {ganz schwach, nötig
war Kd2, Komodo -2,20} Ra4 57. Nfd5 {einfach nur absurd, was bitte soll das
bringen, ausser den gegnerischen König anzulocken, nötig war Sc2, danach
ist alles aus, Komodo -3,30} Ke6 58. Nf4+ Kd6 59. Nc2 b4 60. Nd4 Kc5 61.
Nb3+ Kc4 62. Nd2+ Kc3 63. Nd5+ Kc2 64. Ne3+ Kd3 65. Nb3 Kc3 66. Nd2 b3?
{weit schwächer als Ta1+, was Komodo bereits mit +8,00 bewertet, aber hier
ist es natürlich schon egal, auch der Textzug ist mehr als ausreichend,
Komodo +4,00 (der Vorteil wurde aber halbiert, aber wie gesagt bei dieser
Grössenordnung schon egal)} 67. Nd1+ Kb4 68. f3 exf3 69. Nxf3 Ka3 70. Nd2
Rg4 71. Kf2 f4 {Rest geschenkt} 0-1
[/pgn]
[pgn]

[Event "Turnier 40 / 120"]
[Site "DESKTOP-NL3KVDB"]
[Date "2023.05.06"]
[Round "27"]
[White "Millenium Chess Genius Pro - 120 MHZ"]
[Black "Mephisto Phönix TM Vancouver - 36 MHZ"]
[Result "1/2-1/2"]
[BlackElo "2287"]
[WhiteElo "2284"]

{Analyse ------> Komodo 14.1.} 1. d4 d5 2. Nf3 Nf6 3. c4 dxc4 4. e3 e6 5.
Bxc4 c5 6. Qe2 a6 7. O-O b5 8. Bb3 Bb7 9. a4 Nbd7 10. axb5 axb5 11. Rxa8
{Buchende} Qxa8 12. Nc3 {Buchbewertung MCGP: -0,12} b4 13. Nb5 Bxf3? {ein
schlechter Buchzug !! den starken Angriffsläufer hier herzugeben ist keine
gute Idee, deutlich besser ist Db8 und die Stellung ist im Lot, nach dem
Textzug steht Weiss bereits besser Komodo -0,50} 14. gxf3 Qb8 {Buchende}
15. Qc4 {besser ist Td1, nach dem Textzug ist die Stellung wieder im Lot}
cxd4??? {und gleich der allererste berechnete Zug ist ein absoluter
Verlustzug, danach ist die Partie sofort verloren, Komodo -2,50, nötig war
Le7 mit Ausgleich} 16. Nxd4??? {ein Katastrophenzug, der den sofortigen
Gewinn verpasst, eigentlich unfassbar schwach nimmt sich die Möglichkeit
des Schach durch Sc7+, danach ist nahezu der gesamte Vorteil dahin, Komodo
+0,30, gewonnen hätte exd4} Bd6 17. f4 O-O 18. Nc6 Qc7 19. Ne7+ Kh8 20.
Qxc7 Bxc7 21. Nc6 Nc5? {ein schlechter Zug, danach steht Weiss bereits klar
besser, Komodo -1,00, nötig war Tc8 was MCGP auch vorschlug} 22. Bc4 b3 23.
Nd4 {besser ist Ld2, Komodo +0,50} Rb8 24. Nb5 Ba5 25. Rd1 Kg8 26. Nd4 g6??
{ein grottenschlechter Zug, danach steht Weiss bereits klar besser, die
Springergabel Sc6 hätte verhindert werden müssen, deutlich besser sind
sowohl Lc7 als auch Td8, Komodo -1,30 damit ist die Partie praktisch schon
verloren.} 27. Nc6! {na klar, was sonst, überrascht ?} Ra8 28. Nxa5 {ein
hoffnungslose Stellung für Schwarz, Weiss braucht nur noch normale
offensichtliche Entwicklung betreiben um das klar zu gewinnen, es folgt
natürlich Ld2 nebst Lc3 und Weiss beherrscht die starke Diagonale c3-h8,
die ja extrem geschwächt ist durch 26.g6 ?? und beherrscht zusätzlich die
offene D-Linie mit dem Turm und verfügt über das mächtige Läuferpaar, ergo
hoffnungslos für Schwarz} Rxa5 29. Bd2 Ra8 30. Bb4 {klar schwächer als Lc3,
aber auch nach dem Textzug steht Weiss natürlich klar besser, Komodo +1,00}
Nfd7 31. Rd4 Ra7 32. Kg2 h6 33. Kg3 Kg7 34. Bb5 Rb7 35. Bc6 Rb6 36. Bxd7?
{ein ganz schlechter Zug, Weiss sollte sich nicht so unbedacht vom
Läuferpaar trennen, halbiert den Vorteil von Weiss, Komodo +0,60, deutlich
besser ist natürlich Lc3} Nxd7 37. Bc3 Nf6 38. Rd7? {klar zu bevorzugen ist
h4, nach dem Textzug ist die Stellung bereits im Lot} Rb5?? {so allerdings
nicht, ein ganz schlechter Zug, danach ist Weiss neuerlich klar im Vorteil,
Ausgleich hätte g5 ! gebracht, Komodo -1,00} 39. Rc7? {verpasst das weit
stärkere Td3, nach dem Textzug ist Weiss nur noch hauchdünn im Vorteil mit
ca. +0,20} g5! 40. e4 gxf4+ 41. Kxf4 Rh5 42. Kg3 Rg5+ 43. Kh3 Rh5+ 44. Kg2
Rg5+ {zu bevorzugen ist Kg6, Komodo -0,60} 45. Kh1 Rb5 46. f4 Rb6 47. Kg2
Kg6 48. Kf3 Ne8 49. f5+ exf5 50. exf5+ Kxf5 51. Rxf7+ Kg6 52. Rf8 Nf6 53.
Rxf6+ {das besiegelt das Remis, minimalen Vorteil hätte noch Ta8 gebracht,
von einem Gewinn ist aber auch das weit entfernt.} Rxf6+ 54. Bxf6 Kxf6 55.
Ke4 Kg5 56. Kd3 Kg4 57. Kc3 Kh3 58. Kxb3 Kxh2 59. Kc4 h5 60. b4 h4 61. b5
h3 62. b6 Kg2 63. b7 h2 64. b8=Q h1=Q 1/2-1/2
[/pgn]
[pgn]